Método de corte y confección Brossa / por Da. Margarita Brossa de Batlle
Descripción Física:
213 p. + 1 full desplegable ; 25 cm
Materias:
Tall i confecció -- Ensenyament
MARC
| LEADER | 00000nam a2200000Ia 4500 | ||
|---|---|---|---|
| 001 | 17541 | ||
| 008 | 160829s1928 xx 000 0 cat d | ||
| 710 | 2 | |a Escola Professional de la Dona |9 52886 | |
| 952 | |0 0 |1 0 |4 0 |6 E1248 |7 1 |9 44672 |a Arxiu |b Arxiu |d 2016-12-01 |l 0 |o E-1-248 |p 17541 |r 2016-12-01 00:00:00 |w 2016-12-01 |y ARXIU | ||
| 999 | |c 47253 |d 47253 | ||
| 080 | |a E-1-248 | ||
| 100 | |a Brossa de Batlle, Margarita |9 28105 | ||
| 245 | |a Método de corte y confección Brossa / por Da. Margarita Brossa de Batlle | ||
| 260 | |a Barcelona : |b Imprenta de la Casa Provincial de Caridad, |c 1928 | ||
| 300 | |a 213 p. + 1 full desplegable ; |c 25 cm | ||
| 650 | |a Tall i confecció |x Ensenyament |9 28106 | ||
| 901 | |a Arxiu | ||
| 942 | |n 1 |2 udc | ||